| 000 | 00386nam a2200157Ia 4500 | ||
|---|---|---|---|
| 008 | 151213s9999 xx 000 0 und d | ||
| 100 | _aThomas Hardly | ||
| 245 |
_aThe Collected Poems of Thomas Hardly _cThomas Hardly |
||
| 250 | _a4th | ||
| 260 |
_aLondon _bMac Millar _c1930 |
||
| 300 | _a4472 p. | ||
| 650 | _aEnglish | ||
| 650 | _aPoem | ||
| 700 | _aThomas Hardly | ||
| 999 |
_c2847 _d2847 |
||